Clic Activité des Français sur leur smartphone - Statistiques

Statistiques générales
  • Ce quiz a été pris 22 fois
  • Le résultat moyen est 3 sur 19
Statistiques - réponses
Hint Réponse % Correct
Echange de messages type SMS 75 %
63%
Echange de courriels 72 %
58%
Aucune de ces activités 2 %
37%
Participation à des forums 17 %
21%
Recherche d'actualités 45 %
21%
Téléphoner via internet (wifi) 63 %
21%
Ecoute de radio / TV en direct 25 %
11%
Gestion des comptes bancaires 60 %
11%
Recherche d'emploi 15 %
5%
Visite de sites web de voyage 21 %
5%
Recherche de promotions 27 %
5%
Navigation (déplacements) 29 %
5%
Recherche et achat de produits 53 %
5%
Ecoute de musique / Visionnage de vidéos 56 %
5%
Lecture de blogs et écoute de podcasts 20 %
0%
Visionnage de films ou de séries 40 %
0%
Comparaison de prix 42 %
0%
Jeux 43 %
0%
Téléchargements destinés à être mis sur internet 44 %
0%
Aucun quiz correspondant
Distribution des résultats
% des personnes avec chaque résultat
Percentile par nombre de réponses
Votre historique - résultats
Vous n’avez pas pris ce quiz